|
|
|
|
| LEADER |
01834nam a2200433 i 4500 |
| 001 |
EBC1789533 |
| 003 |
MiAaPQ |
| 005 |
20200520144314.0 |
| 006 |
m o d | |
| 007 |
cr cnu|||||||| |
| 008 |
150529t20142014gw ob 001 0 ger d |
| 020 |
|
|
|z 9783110410211
|
| 020 |
|
|
|a 9783110410228
|q (electronic bk.)
|
| 035 |
|
|
|a (MiAaPQ)EBC1789533
|
| 035 |
|
|
|a (Au-PeEL)EBL1789533
|
| 035 |
|
|
|a (CaPaEBR)ebr11054974
|
| 035 |
|
|
|a (OCoLC)920815197
|
| 040 |
|
|
|a MiAaPQ
|b eng
|e rda
|e pn
|c MiAaPQ
|d MiAaPQ
|
| 043 |
|
|
|a f-ae---
|
| 050 |
|
4 |
|a HQ1784
|b .A73 2014
|
| 082 |
0 |
|
|a 305.4209174927
|2 23
|
| 245 |
0 |
0 |
|a Arab women in Algeria /
|c edited and translated by Jacqueline Grenez Brovender; introduction by Denise Brahimi.
|
| 264 |
|
1 |
|a Warsaw, [Poland] ;
|a Berlin, [Germany] :
|b De Gruyter Open,
|c 2014.
|
| 264 |
|
4 |
|c 2014
|
| 300 |
|
|
|a 1 online resource (105 pages)
|
| 336 |
|
|
|a text
|2 rdacontent
|
| 337 |
|
|
|a computer
|2 rdamedia
|
| 338 |
|
|
|a online resource
|2 rdacarrier
|
| 504 |
|
|
|a Includes bibliographical references and index.
|
| 588 |
|
|
|a Description based on online resource; title from PDF title page (ebrary, viewed May 25, 2015).
|
| 590 |
|
|
|a Electronic reproduction. Ann Arbor, MI : ProQuest, 2016. Available via World Wide Web. Access may be limited to ProQuest affiliated libraries.
|
| 650 |
|
0 |
|a Women, Arab
|z Algeria.
|
| 650 |
|
0 |
|a Feminism
|x Arabic Women In Algeria
|y Late 19th Century.
|
| 655 |
|
4 |
|a Electronic books.
|
| 700 |
1 |
|
|a Grenez Brovender, Jacqueline,
|e editor.
|
| 700 |
1 |
|
|a Brahimi, Denise,
|e author of introduction, etc.
|
| 776 |
0 |
8 |
|i Print version:
|t Arab women in Algeria.
|d Warsaw, [Poland]; Berlin, [Germany] : De Gruyter Open
|h xvii, 87 pages
|z 9783110410211
|
| 797 |
2 |
|
|a ProQuest (Firm)
|
| 856 |
4 |
0 |
|u https://ebookcentral.proquest.com/lib/matrademy/detail.action?docID=1789533
|z Click to View
|